La pobreza en Costa Rica: estudios del Instituto de Investigaciones en Ciencias Económicas /
Este tomo reúne una cantidad de trabajos que se han realizado en el Instituto de Investigaciones en Ciencias Económicas de la Universidad de Costa Rica en torno al fenómeno de la pobreza, su delimitación conceptual - teórica y sus múltiples facetas de medición, así como su estimación en Costa Rica d...
Guardado en:
| Hovedforfatter: | |
|---|---|
| Format: | Ukendt |
| Sprog: | Spanish |
| Udgivet: |
Costa Rica :
Instituto de Investigaciones en Ciencias Económicas, Universidad de Costa Rica
2011
|
| Fag: | |
| Tags: |
Tilføj Tag
Ingen Tags, Vær først til at tagge denne postø!
|
MARC
| LEADER | 00000 a2200000 04500 | ||
|---|---|---|---|
| 001 | 43637 | ||
| 003 | cru CIDCACS/IIS | ||
| 005 | 20230606091740.0 | ||
| 008 | 050703s2011 cr spa d | ||
| 020 | |a 978-9968-824-05-7 | ||
| 040 | |a CRAI/IIS |c CRAI/IIS | ||
| 090 | |a 03.02.05 T787p T.1 | ||
| 100 | |a Trejos Solórzano, Juan Diego |e compilador | ||
| 245 | |a La pobreza en Costa Rica: |b estudios del Instituto de Investigaciones en Ciencias Económicas / |c Juan Diego Trejos Solórzano, compilador | ||
| 260 | |a Costa Rica : |b Instituto de Investigaciones en Ciencias Económicas, Universidad de Costa Rica |c 2011 | ||
| 300 | |a Tomo I, 524 páginas : |b tablas, gráficos, mapas | ||
| 520 | |a Este tomo reúne una cantidad de trabajos que se han realizado en el Instituto de Investigaciones en Ciencias Económicas de la Universidad de Costa Rica en torno al fenómeno de la pobreza, su delimitación conceptual - teórica y sus múltiples facetas de medición, así como su estimación en Costa Rica durante las últimas dos décadas del siglo XX y parte del inicio del siglo XXI | ||
| 590 | |a RRA/OCTUBRE2012 | ||
| 650 | |a POBREZA | ||
| 650 | |a TEORIA | ||
| 650 | |a METODOLOGIA | ||
| 650 | |a MEDICION | ||
| 650 | |a COSTA RICA | ||
| 942 | |2 ddc |c LI |h 03.02.05 T787p T.1 |i 14404 |6 030205_T787P_T1_14404 | ||
| 999 | |c 7094 |d 7094 | ||



